Patología General / (Record no. 116142)

MARC details
000 -LEADER
campo de control de longitud fija 00565nam a2200169 4500
001 - NÚMERO DE CONTROL
campo de control 116142
003 - IDENTIFICADOR DE NÚMERO DE CONTROL
campo de control ES-MaACL
005 - FECHA Y HORA DE LA ÚLTIMA TRANSACCIÓN
campo de control 20230906190638.0
007 - CAMPO FIJO DE DESCRIPCIÓN FÍSICA--INFORMACIÓN GENERAL
campo de control de longitud fija t|
008 - DATOS DE LONGITUD FIJA--INFORMACIÓN GENERAL
campo de control de longitud fija 061121s1979 sp r ||||1| spa d
245 00 - MENCIÓN DEL TÍTULO
Título Patología General /
Mención de responsabilidad, etc. directores: A. Balcells Gorina [et al.].
250 ## - MENCION DE EDICION
Mención de edición 5ª ed., rev. y puesta al día.
260 ## - PUBLICACIÓN, DISTRIBUCIÓN, ETC.
Lugar de publicación, distribución, etc. Barcelona :
Nombre del editor, distribuidor, etc. Toray,
Fecha de publicación, distribución, etc. 1979.
300 ## - DESCRIPCIÓN FÍSICA
Extensión 2 v. :
Otras características físicas il. ;
Dimensiones 26 cm.
505 8# - NOTA DE CONTENIDO CON FORMATO
Nota de contenido con formato Contiene: t. I: Etiología y fisiopatología; t. II: Fisiopatología y propedéutica clínica
852 ## - LOCALIZACIÓN
Ubicación ES-MaACL
Número de control de estantería A-10721-22
Sublocalización o colección R.100073
Holdings
Estatus retirado Estado de pérdida Estado de daño No para préstamo Biblioteca de origen Biblioteca actual Ubicación en estantería Fecha de adquisición Fuente de adquisición Total de préstamos Signatura topográfica completa Código de barras Visto por última vez Precio de reemplazo Tipo de ítem Koha
        Biblioteca del Ateneo de Madrid Biblioteca del Ateneo de Madrid Depósito 1 17/01/2008     A-10721-22 1121113 23/02/2023 23/02/2023 Libro impreso